EZLN : 20 y 10, el fuego y la palabra /

Đã lưu trong:
Chi tiết về thư mục
Tác giả chính: Muñoz Ramírez, Gloria (autor)
Tác giả khác: Subcomandante Marcos (presentación) (presentación)
Định dạng: Sách
Ngôn ngữ:Tiếng Tây Ban Nha
Được phát hành: México : Revista Rebeldía : La Jornada, 2003, c2003
Những chủ đề:
Các nhãn: Thêm thẻ
Không có thẻ, Là người đầu tiên thẻ bản ghi này!

MARC

LEADER 00000nam^a2200000^a^4500
001 000175088
005 20250521000000.0
009 20260310101550.899
020 |a 968-671-979-2 
025 |a Donación sin dato, 1 ejemplar 
037 |a Acervo ITESO - Biblioteca 
041 |a ESP 
082 |a 320. 9720639  |b MUÑ 
100 |a Muñoz Ramírez, Gloria  |e (autor) 
245 1 0 |a EZLN :  |b 20 y 10, el fuego y la palabra /  |c G. Muñoz Ramírez ; presen. de Subcomandante Marcos. 
264 4 |a México :  |b Revista Rebeldía :  |b La Jornada,  |c 2003, c2003 
300 |a 298 p. 
336 |a texto  |b txt  |2 rdacontenido 
337 |a sin mediación  |b n  |2 rdamedio 
338 |a volumen  |b nc  |2 rdasoporte 
649 |a XX 
650 |a Indígenas de México -  |z Chiapas -  |x Condiciones Políticas 
650 |a Revolucionarios Mexicanos -  |x Entrevistas 
650 |a Políticos Mexicanos -  |x Entrevistas 
650 |a Guerra de Chiapas, 1994 -  |x Tema Principal 
650 |a Guerra y Paz -  |z México 
650 |a Militarismo -  |z México 
650 |a Violencia Política -  |z México 
650 |a Problemas Sociales -  |z México 
650 |a Movimientos Indígenas -  |z México 
650 |a Movimientos Políticos -  |z México 
650 |a Movimientos Sociales -  |z México 
650 |a Autonomía Política -  |z México 
650 |a Derecho Indígena -  |z México 
650 |a Derecho Público -  |z México 
650 |a Política -  |z México -  |x Historia -  |y 1988-1994 
650 |a Política -  |z México -  |x Historia -  |y 1994-2000 
650 |a Política -  |z México -  |x Historia -  |y Siglo XX 
650 |a Política -  |z México -  |x Historia -  |y 2000-2006 
650 |a Política -  |z México -  |x Historia -  |y Siglo XXI 
650 |a Chiapas -  |x Condiciones Políticas 
650 |a México -  |x Condiciones Políticas 
600 |a Subcomandante Marcos 
700 |a Subcomandante Marcos  |e (presentación) 
910 |a Fondo General 
920 |a Impresos - Libros 
930 |a Colección General 
905 |a 101 
901 |a 0500113231  |b IT1  |c ACC  |i D  |u 20250521 
901 |a 0500142791  |b IT1  |c ACC  |i D  |u 20250521 
902 |a https://opac.biblio.iteso.mx/vufind/Record/000175088